NLSUI OPAC header image

International water law : (Record no. 16476)

MARC details
000 -LEADER
fixed length control field 01395nam a2200361 a 4500
001 - CONTROL NUMBER
control field 735110
005 - DATE AND TIME OF LATEST TRANSACTION
control field 20260416050737.0
008 - FIXED-LENGTH DATA ELEMENTS--GENERAL INFORMATION
fixed length control field 980805s1997 enka b 001 0 eng d
010 ## - LIBRARY OF CONGRESS CONTROL NUMBER
LC control number 98179528
020 ## - INTERNATIONAL STANDARD BOOK NUMBER
International Standard Book Number 9041107142
020 ## - INTERNATIONAL STANDARD BOOK NUMBER
International Standard Book Number 9041107134
Qualifying information Series
020 ## - INTERNATIONAL STANDARD BOOK NUMBER
International Standard Book Number 9789041107145
020 ## - INTERNATIONAL STANDARD BOOK NUMBER
International Standard Book Number 9789041107138
035 ## - SYSTEM CONTROL NUMBER
System control number 735110
035 ## - SYSTEM CONTROL NUMBER
System control number (CStRLIN)MAHGBLH72552-B
042 ## - AUTHENTICATION CODE
Authentication code lccopycat
082 ## - DEWEY DECIMAL CLASSIFICATION NUMBER
Classification number 341.442 WOU
100 1# - MAIN ENTRY--PERSONAL NAME
Personal name Bourne, Charles B.
245 10 - TITLE STATEMENT
Title International water law :
Remainder of title selected writings of Professor Charles B. Bourne /
Statement of responsibility, etc. edited by Patricia Wouters.
260 ## - PUBLICATION, DISTRIBUTION, ETC.
Place of publication, distribution, etc. London :
Name of publisher, distributor, etc. Kluwer Law International,
Date of publication, distribution, etc. 1997.
300 ## - PHYSICAL DESCRIPTION
Extent xxvi, 371 p. :
Other physical details ill. ;
Dimensions 25 cm.
365 ## - TRADE PRICE
Price amount Rs.5,950
440 #0 - SERIES STATEMENT/ADDED ENTRY--TITLE
Title International and national water law and policy series ;
Volume/sequential designation 1
504 ## - BIBLIOGRAPHY, ETC. NOTE
Bibliography, etc. note Includes bibliographical references and index.
650 #0 - SUBJECT ADDED ENTRY--TOPICAL TERM
Topical term or geographic name entry element International rivers.
650 #0 - SUBJECT ADDED ENTRY--TOPICAL TERM
Topical term or geographic name entry element Water rights (International law)
700 1# - ADDED ENTRY--PERSONAL NAME
Personal name Wouters, Patricia.
856 ## - ELECTRONIC LOCATION AND ACCESS
Uniform Resource Identifier <a href="https://brill.com/edcollbook/title/10491?srsltid=AfmBOopqfifRoha3MdKlKD2EL8dheJIsCSdnXM3-qFGo3MxYVgubpKOa">https://brill.com/edcollbook/title/10491?srsltid=AfmBOopqfifRoha3MdKlKD2EL8dheJIsCSdnXM3-qFGo3MxYVgubpKOa</a>
Link text Table of contents
906 ## - LOCAL DATA ELEMENT F, LDF (RLIN)
a 7
b cbc
c copycat
d 2
e ncip
f 19
g y-gencatlg
942 ## - ADDED ENTRY ELEMENTS (KOHA)
Source of classification or shelving scheme Dewey Decimal Classification
Koha item type BOOKs
Holdings
Withdrawn status Lost status Damaged status Not for loan Home library Current library Shelving location Date acquired Cost, normal purchase price Total Checkouts Full call number Barcode Date last seen Price effective from Koha item type Date last checked out
        NLS NLS   30/05/2017 6256.00   341.442 WOU-1 13119 30/05/2017 30/05/2017 BOOKs  
        NLS NLS Library Compactors 30/05/2017 6069.00 2 341.442 WOU-2 13852 16/02/2021 30/05/2017 BOOKs 13/02/2021
        NLS NLS   30/05/2017 5950.00   341.442 WOU-3 16326 30/05/2017 30/05/2017 BOOKs